000 00421nam a2200181Ia 4500
001 17354
005 20260306171511.0
008 260306s9999||||xx |||||||||||||| ||und||
041 _aESP
082 _a657.73
_bV19
100 _aValdivia Loayza, Carlos
_eAUT
245 0 _aTodo sobre activo fijo
260 _c2006
300 _a223 páginas :
_ccm.
650 _aGEN
654 _aCCO
942 _cLIB
_dJUS
_fJUS
_2ddc
_n
999 _c17354
_d17354